Quel Plus Beau Village de France ? - Statistiques

Statistiques générales
  • Ce quiz a été pris 23 fois
  • Le résultat moyen est 8 sur 20
Statistiques - réponses
Quel Plus Beau Village de France... Lettre PBVdF % Correct
...est dominé par le palais des évêques de Tulle, au cœur du Quercy ? R Rocamadour
82%
...donne son titre à un Président de la Ve République ? E Estaing
77%
...est presque entièrement construit en grès rouge ? C Collonges-la-Rouge
50%
...donne son nom à un fromage, variante du cantal ? S Salers
50%
...appartenait aux la Popie, branche cadette de la famille de Gourdon ? S Saint-Cirq-Lapopie
45%
...abrite une basilique point de départ d'un chemin de Compostelle ? V Vézelay
45%
...ne se situe pas en zone aride mais dans les gorges de l'Hérault ? S Saint-Guilhem-le-Désert
41%
...a attiré Mitterrand, Camus, et Miyazaki son Château dans le ciel ? C Cordes-sur-Ciel
36%
...domine la Têt et est surplombé par le fort Libéria, construit par Vauban ? V Villefranche-de-Conflent
36%
...enclave Husseren-les-Châteaux, sur la route des vins d'Alsace ? E Eguisheim
32%
...abrite deux abbayes, un château et des moulins au cœur du Luberon ? G Gordes
32%
...fut capitale de la Basse-Navarre, une région non-portuaire ? S Saint-Jean-Pied-de-Port
32%
...donne son nom à une AOC de vin blanc dans la vallée de la Loire ? S Sancerre
32%
...était l'un des trois grands ports normands au Moyen-Age ? B Barfleur
27%
...abrite le fort de Brégançon, résidence du Président de la République ? B Bormes-les-Mimosas
27%
...est le lieu unique de fabrication d'une confiserie appelée anis ? F Flavigny-sur-Ozerain
27%
...dispose d'un château dominant le Léman, à la frontière suisse ? Y Yvoire
27%
...fut offerte en marquisat à Hercule de Grimaldi, prince de Monaco ? (L) B Les Baux-de-Provence
23%
...appartenait à la belle-famille de la comtesse des Malheurs de Sophie ? S Ségur-le-Château
23%
...est connue localement sous le nom de Roc'h-an-Argoed ? R Rochefort-en-Terre
18%
Aucun quiz correspondant
Distribution des résultats
% des personnes avec chaque résultat
Percentile par nombre de réponses
Votre historique - résultats
Vous n’avez pas pris ce quiz